000
00295nam a2200109Ia 4500
008
220204s9999 xx 000 0 und d
082
_a
543.51
_b
BIE
100
_a
Biemann, Klaus
245
0
_a
Mass spectrometry: Organic chemical applications
260
_a
New York
_b
McGraw Hill
_c
1962
942
_c
BK
999
_c
20440
_d
20440